000 00482nam a2200169Ia 4500
008 090711s9999 xx 000 0 und d
082 _b69035
100 _aकाशीकर एस. एम.
245 _aमgत्युपंखा
260 _c1992
300 _a170
600 _aकाशीकर एस. एम.
630 _aमgत्युपंखा
700 _aकाशीकर एस. एम.
730 _aमgत्युपंखा
942 _cBOOK
999 _c294621
_d294621